Les Plus Gros Dérapages de Tibo Inshape - Statistiques

Statistiques générales
  • Ce quiz a été pris 196 fois
    157 depuis la dernière actualisation
  • Le résultat moyen est 4 sur 13
Statistiques - réponses
Hint Réponse % Correct
Prix d'une vidéo dédicacée sur le site de Tibo (en euros) 36
73%
Lieu où a eu lieu la mort d'1,5 millions de personnes où Tibo a crié "DAAAMMM LES GENS" en début de vidéo Auschwitz
66%
Association caritative évoquée par Tibo après avoir fait tomber de la nourriture par terre Les Restos du Coeur
53%
Objet posé dans la salle de sport de Tibo ayant engendré une polémique Drapeau francais
51%
Première phrase d'une vidéo polémique de Tibo Inshape sur la remise en forme Rien à foutre de ta dépréssion
50%
Entreprise pornographique avec laquelle Tibo a collaboré JACQUIE ET MICHEL
38%
Lieu d'une vidéo de tournage ayant un rapport avec la mort Morgue
22%
titre d'une vidéo challenge concernant un pilier de l'Islam JE FAIS LE RAMADAN !
15%
Insulte raciste prononcée lors d'une vidéo dédicacée BOOM NIGGER
11%
Dérapage lors d'une vidéo réagissant à des commentaires homophobes sur TikTok Est-ce que c'est vous qui vous faites sodomiser ?
11%
Allusion à des terroristes ayant sévi en 2015 en France dans une vidéo dédicacée BOOM KOUACHI
8%
Titre d'une vidéo évoquant la visite d'un groupement d'habitations d'une ethnie JE VISITE UN CAMP DE GITANS !
4%
Titre polémique d'une vidéo de Tibo Inshape concernant une religion monthéiste Je deviens juif pendant 24 heures
2%
Aucun quiz correspondant
Distribution des résultats
% des personnes avec chaque résultat
Percentile par nombre de réponses
Votre historique - résultats
Vous n’avez pas pris ce quiz depuis la dernière actualisation